CAME-Condiciones generales de entrega de mercancía entre las organizaciones miembros

Shranjeno v:
Bibliografske podrobnosti
Korporativna značnica: Universidad de Oriente. Cuba
Format: Texto
Izdano: Santiago: Universidad de Oriente
Oznake: Označite
Brez oznak, prvi označite!

MARC

LEADER 00000 a a2200000 04500
001 24989
003
040
090 |a 176700  
110 |a Universidad de Oriente. Cuba  
245 |a CAME-Condiciones generales de entrega de mercancía entre las organizaciones miembros  
260 |a Santiago:   |b Universidad de Oriente  
300 |a 95 p.  
999 |c 958  |d 958